000 00535nam a2200181Ia 4500
005 20250508160921.0
008 008 250505s9999 xx 000 0 eng d
037 _aTextual
040 _aFEDL
_beng
_cFEDL
041 _aeng
_2eng
084 _a428.24, MON
_qFEDL
100 _aMonfries Helen
245 0 _aOral drills in sentence patterns : For foreign students
260 _aLondon, UK
_bThe Macmillan and Company Limited
_c1969
300 _axv,150p.
942 _cTEXL
_h428.24, MON
999 _c1367383
_d1367383